000 00948nam a2200289 i 4500
003 EG-GICUC
005 20260121101515.0
008 251216s1911 us || fr|| 00001 ueengdd
040 _aEG-GiCUC
_beng
_cEG-GiCUC
_dEG-GiCUC
_erda
082 0 4 _221
_a339.2
_bCA . D
092 0 4 _221
099 _aLaw1 13 339.2 CA . D 1911
100 1 _aCarver, Thomas Nixon
_eAuthor.
245 4 1 _aThe Distribution of Wealth /
_b
_cThomas Nixon Carver
_n
_h
264 _aNew York :
_bThe Macmillan Company ,
_c1911.
300 _a290pages :
_billustrations ؛
_c24 cm
336 _2rda content
_atext
337 _2rda media
_aComputer
338 _2rda carrier
_aOnline Resource
504 _aIncludes bibliographical references and index.
546 _aText in English
650 1 4 _aPublic finance and tax legislation
_2
651 1 _2
856 4 0 _uhttps://fll.law.cu.edu.eg/fulltext/bks/B13-08450.pdf
905 _a50
942 _2ddc
_cBK
_e21
_n0
999 _c51067
_d51067